[Event "Finkenstein op"]
[Site "Finkenstein"]
[Date "1996.??.??"]
[Round "3"]
[White "Csrnko, Werner"]
[Black "Huber, Friedrich"]
[Result "1-0"]
[WhiteElo "1980"]
[BlackElo "1775"]
[PlyCount "77"]
[EventDate "1996.??.??"]
[EventType "swiss"]
[EventRounds "9"]
[EventCountry "AUT"]
[SourceTitle "EXT 1997"]
[Source "ChessBase"]
[SourceDate "1996.11.15"]
[SourceVersion "1"]
[SourceVersionDate "1996.11.15"]
[SourceQuality "1"]

1. c4 Nf6 2. Nf3 g6 3. Nc3 Bg7 4. g3 b6 5. Bg2 Bb7 6. 0-0 0-0 7. Rb1 c5 8. a3 Nc6 9. e3 d5 10. cxd5 Nxd5 11. Qc2 Rc8 12. d3 e6 13. Rd1 Qe7 14. e4 Nc7 15. Bg5 f6 16. Be3 Rfd8 17. d4 cxd4 18. Nxd4 Nxd4 19. Rxd4 Rxd4 20. Bxd4 Nb5 21. Rd1 Nxd4 22. Rxd4 f5 23. Rb4 Bxc3 24. bxc3 fxe4 25. c4 Rf8 26. Bxe4 Bxe4 27. Qxe4 Qf6 28. Qe3 Qa1+ 29. Kg2 e5 30. Rb5 Re8 31. Rd5 e4 32. Rd4 Qb2 33. h4 Re7 34. h5 Kf7 35. h6 Qa1 36. Qf4+ Ke8 37. Qf6 Qxa3 38. Qh8+ Kf7 39. Qg7+ 1-0

[Event "Werfen op-B"]
[Site "Werfen"]
[Date "1995.??.??"]
[Round "6"]
[White "Huber, Friedrich"]
[Black "Cordasev, Stefan"]
[Result "0-1"]
[WhiteElo "1755"]
[BlackElo "1830"]
[PlyCount "84"]
[EventDate "1995.08.??"]
[EventType "swiss"]
[EventRounds "16"]
[EventCountry "AUT"]
[SourceTitle "EXT 2000"]
[Source "ChessBase"]
[SourceDate "1999.11.16"]
[SourceVersion "1"]
[SourceVersionDate "1999.11.16"]
[SourceQuality "1"]

1. d4 d5 2. c4 e6 3. Nc3 Nf6 4. Nf3 Nbd7 5. Bg5 c6 6. e3 Qa5 7. Bd3 dxc4 8. Bxf6 Nxf6 9. Bxc4 Ne4 10. Qc2 Nxc3 11. bxc3 Bd6 12. 0-0 0-0 13. e4 Bd7 14. e5 Be7 15. Nd2 g6 16. Ne4 Kg7 17. Qe2 c5 18. d5 b5 19. dxe6 fxe6 20. Bd3 c4 21. Bc2 Bc6 22. a4 bxa4 23. Bxa4 Bxa4 24. Qxc4 Bb5 25. Qxe6 Qc7 26. Nd6 Bxf1 27. Rxf1 Bxd6 28. exd6 Qxc3 29. d7 Qd4 30. Qe7+ Rf7 31. Qe8 Rf8 32. Qe7+ Kh8 33. h3 a5 34. Rb1 Qxf2+ 35. Kh1 Qd4 36. Re1 Rad8 37. Re4 Qxd7 38. Qe5+ Kg8 39. Qxa5 Rf1+ 40. Kh2 Qd6+ 41. Re5 Rf5 42. Qa2+ Kg7 0-1

[Event "Finkenstein op"]
[Site "Finkenstein"]
[Date "1995.??.??"]
[Round "5"]
[White "Huber, Friedrich"]
[Black "Petek, Pavel"]
[Result "0-1"]
[WhiteElo "1705"]
[BlackElo "2065"]
[PlyCount "92"]
[EventDate "1995.??.??"]
[EventType "swiss"]
[EventRounds "9"]
[EventCountry "AUT"]
[SourceTitle "EXT 1997"]
[Source "ChessBase"]
[SourceDate "1996.11.15"]
[SourceVersion "1"]
[SourceVersionDate "1996.11.15"]
[SourceQuality "1"]

1. d4 Nf6 2. Nf3 d5 3. c4 c6 4. Nc3 a6 5. cxd5 cxd5 6. g3 b5 7. Bg2 Bb7 8. 0-0 e6 9. Bg5 Be7 10. Ne5 Nbd7 11. f4 0-0 12. e3 Nb6 13. f5 Ne4 14. Bxe7 Qxe7 15. Nxe4 dxe4 16. fxe6 Qxe6 17. Qe2 f6 18. Ng4 Rac8 19. Bh3 Qc4 20. Qd2 Qc2 21. Rf2 Qxd2 22. Rxd2 h5 23. Nf2 f5 24. Bf1 Rf6 25. Nd1 Nd5 26. Kf2 Rfc6 27. a3 Kf7 28. b4 g5 29. Be2 h4 30. gxh4 g4 31. Bf1 Rf6 32. a4 f4 33. exf4 Rxf4+ 34. Ke1 Nxb4 35. axb5 Nc2+ 36. Rxc2 Rxc2 37. bxa6 Ba8 38. h3 Rf3 39. Ra5 e3 40. Re5 Rd2 41. Nxe3 Rxd4 42. Ke2 Ra4 43. Nd5 Rb3 44. Ke1 Ra1+ 45. Kf2 Ra2+ 46. Kg1 Rg3+ 0-1

[Event "Finkenstein op"]
[Site "Finkenstein"]
[Date "1995.??.??"]
[Round "1"]
[White "Huber, Friedrich"]
[Black "Pilaj, Herwig"]
[Result "1/2-1/2"]
[WhiteElo "1705"]
[BlackElo "2125"]
[PlyCount "49"]
[EventDate "1995.??.??"]
[EventType "swiss"]
[EventRounds "9"]
[EventCountry "AUT"]
[SourceTitle "EXT 1997"]
[Source "ChessBase"]
[SourceDate "1996.11.15"]
[SourceVersion "1"]
[SourceVersionDate "1996.11.15"]
[SourceQuality "1"]

1. d4 Nf6 2. Nf3 g6 3. c4 Bg7 4. Nc3 0-0 5. g3 d6 6. Bg2 Nbd7 7. 0-0 e5 8. dxe5 dxe5 9. Qc2 c6 10. b3 Re8 11. e4 Bf8 12. h3 Qc7 13. Be3 Bb4 14. Nd2 Bc5 15. Bh6 Nf8 16. Rab1 Ne6 17. b4 Nd4 18. Qc1 Be7 19. c5 a5 20. a3 axb4 21. axb4 Ra2 22. Rb2 Ra3 23. Kh2 Be6 24. Ncb1 Raa8 25. Nc4 1/2-1/2